00227 2200109 4500245002400000250001100024100001900035650001600054005001900070041001400089084001400103 aTARIAN BETAWIhText aCet. 1 aSintia Purnama aKarya Siswa a20250424092746 aIndonesia a081 SIN t